000 00501nam a2200181Ia 4500
001 15779
005 20260306170221.0
008 260306t2007||||xx |||||||||||||| ||und||
041 _aESP
082 _a620.0042
_bS21P1
100 _aSantonja Gimeno, Alberto
_eAUT
245 0 _aEl prototipo como proceso del diseño industrial I:
_bprocesos para la obtención de prototipos
260 _c2007
300 _a194 páginas :
_c24 cm.
650 _aGEN
654 _aCII
942 _cLIB
_dJUS
_fJUS
_2ddc
_n
999 _c15779
_d15779